Slávnostné otvorenie Dní Jána Amosa Komenského

Bibliographic Details
Main Author: Csepyová, Brigita (Author)
Format: Article
Language:Slovak
Hungarian
PhysicalDescription:Fotografie
ISSN:1339-2409
Subjects:

MARC

LEADER 00000nab a2200000 4500
001 vtls011828474
003 SK-MaSNL
005 20260303184538.0
008 181207|2018 xo |||| || ||00 0|slo
015 |a SNBRB2018/12 
040 |a DSZK  |b slo  |c DSZK  |e rda 
041 |a slo  |a hun 
043 |a e-xo--- 
044 |a xo  |c SK 
072 7 |a 373.2/.3  |x Predškolská a primárna výchova a vzdelávanie  |2 konspekt 
080 |a 373.3  |x (437.612)  |2 2011 
100 1 |a Csepyová, Brigita  |4 aut  |9 1214304 
245 1 0 |a Slávnostné otvorenie Dní Jána Amosa Komenského  |c Brigita Csepyová 
300 |b Fotografie 
336 |a text  |b txt  |2 rdacontent 
337 |a bez média  |b n  |2 rdamedia 
338 |a zväzok  |b nc  |2 rdacarrier 
546 |a Dvojjazyčné vydanie 
610 2 7 |a Základná škola Jána Amosa Komenského (Veľký Meder, Slovensko)  |2 dszk  |9 1214241 
611 2 7 |a Dni Jána Amosa Komenského  |d (2018 :  |c Veľký Meder, Slovensko)  |2 dszk  |9 1214722 
650 0 7 |a kultúrne podujatia  |2 SNKPH  |9 71676 
651 7 |a Veľký Meder (Slovensko)  |2 SNKPHgeo  |9 19224 
773 0 |t Veľkomederský hlásnik=Nagymegyeri hírmondó  |g Roč. XIV, č. 3 (2018), s. 8  |x 1339-2409 
958 |a SK 
958 |a RG 
999 |c 2127166  |d 2129096